BIOCHEMISTRY AND CLINICAL PATHOLOGY (Record no. 1220417)

MARC details
000 -LEADER
fixed length control field 00428nam a2200157Ia 4500
008 - FIXED-LENGTH DATA ELEMENTS--GENERAL INFORMATION
fixed length control field 260417s2023 xx 000 0 und d
041 ## - LANGUAGE CODE
Language code of text/sound track or separate title eng
082 ## - DEWEY DECIMAL CLASSIFICATION NUMBER
Classification number 612.015/BHI
Item number DI-1106
100 ## - MAIN ENTRY--PERSONAL NAME
Personal name DR.S.B. BHISE
245 ## - TITLE STATEMENT
Title BIOCHEMISTRY AND CLINICAL PATHOLOGY
250 ## - EDITION STATEMENT
Edition statement 2ND ed
260 ## - PUBLICATION, DISTRIBUTION, ETC.
Place of publication, distribution, etc. PUNE
Name of publisher, distributor, etc. 2023
-- NIRALI PRAKASHAN
300 ## - PHYSICAL DESCRIPTION
Extent P.B/13.8p
650 ## - SUBJECT ADDED ENTRY--TOPICAL TERM
Topical term or geographic name entry element BIOCHEMISTRY AND CLNICAL PATHOLOGY
700 ## - ADDED ENTRY--PERSONAL NAME
Personal name MRS. M.S. BHISE
Holdings
Withdrawn status Lost status Damaged status Not for loan Home library Current library Date acquired Cost, normal purchase price Total Checkouts Full call number Barcode Date last seen Price effective from Koha item type
        College of Pharmacy, Kolhapur College of Pharmacy, Kolhapur 21/03/2024 230.00   DI-1106/612.015/BHI PCK-DI-1106 17/04/2026 17/04/2026 Book